000 00376nam a2200145Ia 4500
008 200103s9999||||xx |||||||||||||| ||und||
020 _a9280151126
040 _aIMU-MPC
082 _aColumn-5
100 _aIMO
245 0 _aIMO compendium on facilitation and electronic business : FAL. 5/Circ. 15(19 February 2001)
260 _bIMO
_c2001
300 _av, 48
942 _cBK
999 _c3323
_d3323